The worm family has its picture taken / (Record no. 362279)
[ view plain ]
| 000 -LEADER | |
|---|---|
| fixed length control field | 01885cam a22002658i 4500 |
| 005 - DATE AND TIME OF LATEST TRANSACTION | |
| control field | 20210608133411.0 |
| 008 - FIXED-LENGTH DATA ELEMENTS--GENERAL INFORMATION | |
| fixed length control field | 200618s2021 nyu b 000 1 eng |
| 020 ## - INTERNATIONAL STANDARD BOOK NUMBER | |
| International Standard Book Number | 9780593124789 |
| Qualifying information | (hardcover) |
| 040 ## - CATALOGING SOURCE | |
| Original cataloging agency | DLC |
| Language of cataloging | eng |
| Description conventions | rda |
| Transcribing agency | DLC |
| Modifying agency | CTMM |
| 082 04 - DEWEY DECIMAL CLASSIFICATION NUMBER | |
| Classification number | [Fic] |
| Edition number | 23 |
| 092 ## - LOCALLY ASSIGNED DEWEY CALL NUMBER (OCLC) | |
| Classification number | E Frank |
| 100 1# - MAIN ENTRY--PERSONAL NAME | |
| Personal name | Frank, Jennifer, |
| Relator term | author. |
| 9 (RLIN) | 5982768 |
| 245 14 - TITLE STATEMENT | |
| Title | The worm family has its picture taken / |
| Statement of responsibility, etc | by Jennifer Frank ; illustrated by David Ezra Stein. |
| 264 #1 - Production, Publication, Distribution, Manufacture, and Copyright Notice. | |
| Place of production, publication, distribution, manufacture | New York : |
| Name of producer, publisher, distributor, manufacturer | Schwartz & Wade Books, |
| Date of production, publication, distribution, manufacture, or copyr | [2021]. |
| 264 #2 - Production, Publication, Distribution, Manufacture, and Copyright Notice. | |
| Place of production, publication, distribution, manufacture | Old Saybrook, Connecticut : |
| Name of producer, publisher, distributor, manufacturer | www.micromarketing.org |
| 336 ## - Content Type | |
| Content type term | text |
| 337 ## - Media type | |
| Media type term | unmediated |
| 338 ## - Carrier type | |
| Carrier type term | volume |
| 500 ## - GENERAL NOTE | |
| General note | [Typographic symbols and accents removed for systems compatibility.] |
| 520 ## - SUMMARY, ETC. | |
| Summary, etc | "Worms don't take good family photos, do they? Find out in this hilarious picture book from a Caldecott Honor illustrator and debut author about a young worm who comes to appreciate her very unusual family for who they are. Emma is excited for her worm family to have their portrait taken. But when she sees her other friends' portraits, she gets discouraged. "We had the most beautiful smiles," Ellie the Chipmunk squeals. Abigail the Cat meows, "I looked gorgeous with my big poufy hair." The worm family doesn't have teeth...how will they show their beautiful smiles? They don't have hair either...how can it look big and poufy?! So Emma gathers wigs, giant fake teeth, and colorful clothing for her parents and sisters. But it's only after taking off their costumes that the worm family is able to wriggle and squiggle and squeeze into a delightful pose that only a worm family can make. And Emma? She thinks it's perfectly perfect."-- |
| 650 #1 - SUBJECT ADDED ENTRY--TOPICAL TERM | |
| Topical term or geographic name as entry element | Self-esteem |
| Form subdivision | Fiction. |
| 9 (RLIN) | 5686823 |
| 700 1# - ADDED ENTRY--PERSONAL NAME | |
| Personal name | Stein, David Ezra, |
| Relator term | illustrator. |
| 942 ## - ADDED ENTRY ELEMENTS (KOHA) | |
| Source of classification or shelving scheme | Dewey Decimal Classification |
| Koha item type | BOOK |
| 949 ## - LOCAL PROCESSING INFORMATION (OCLC) | |
| n | www.MicroMarketing.org 800-229-9887 |
| Withdrawn status | Lost status | Source of classification or shelving scheme | Damaged status | Not for loan | Collection code | Home library | Current library | Shelving location | Date acquired | Source of acquisition | Total Checkouts | Total Renewals | Full call number | Barcode | Date last seen | Date checked out | Cost, replacement price | Price effective from | Koha item type |
|---|---|---|---|---|---|---|---|---|---|---|---|---|---|---|---|---|---|---|---|
| Dewey Decimal Classification | Children Picture Books | Wasatch County Library | Wasatch County Library | Main Floor Childrens Area | 06/08/2021 | Micromarketing | 21 | 20 | E Frank | 34301001816042 | 02/17/2026 | 12/20/2025 | 17.99 | 06/08/2021 | BOOK |
